Statistics for States of Matter Quiz #1

Click here to take the quiz!

General Stats

  • This quiz has been taken 29 times
  • The average score is 16 of 18

Answer Stats

ObjectState of Matter% Correct
AirGas
100%
FuelLiquid
100%
WaterLiquid
100%
SandSolid
100%
HouseSolid
100%
Ice CubeSolid
100%
UrineLiquid
95%
FecesSolid
95%
SmokeGas
90%
CarbonGas
90%
LavaLiquid
86%
JuiceLiquid
86%
ShirtSolid
86%
The MoonSolid
86%
AppleSolid
86%
PencilSolid
86%
QuizBoy786Solid | I hope
81%
BigGeographyGuySolid | I hope
81%

Score Distribution

Percentile by Number Answered

Percent of People with Each Score

Your Score History

You have not taken this quiz